| 000 | 00606nam a2200157Ia 4500 | ||
|---|---|---|---|
| 008 | 151213s9999 xx 000 0 und d | ||
| 020 | _a984-8211-19-5 | ||
| 100 | _aআব্দুল বারিক ভূইয়া। | ||
| 245 |
_aশতাব্দির শেষ প্রেমের কবিতা। _cআব্দুল বারিক ভূইয়া। |
||
| 260 |
_aঢাকা _bবই পত্র। _c2006 |
||
| 300 | _a8519 p. | ||
| 650 | _aBengali Literature | ||
| 650 | _aBengali Literature | ||
| 700 | _aআব্দুল বারিক ভূইয়া। | ||
| 999 |
_c4356 _d4356 |
||